000 01339nam a2200373 a 4500
001 000003177
003 DO-SdBNP
005 20260321073637.0
007 ta
008 090707s2007 dr a 001 0 spa d
020 _a9789993425694
040 _aDO-SdBNP
_bspa
_cBNPHU
082 _a808.53
_bM433e
_222
100 1 _aMatos Mosquete, Manuel,
_b1944-
_910033
245 1 0 _aEstrategias de captación de la voluntad popular en las elecciones de 2004.
260 _aSanto Domingo :
_bINTEC,
_c2007.
300 _a304 p. :
_bil. ;
_c23 cm.
500 _a Incluye referencias bibliográficas y notas al pie de las páginas.
504 _aBibliografía: p. 297-304.
590 _aInventariado, 2018 / YL
600 1 0 _aFernández, Leonel,
_d1953-
_97291
600 1 4 _aEstrella , Eduardo,
_d1953-
_910034
600 1 0 _aMejía, Hipólito,
_d1941-
_978920
600 1 0 _a Bosch, Juan,
_d1909-2001
_976555
650 4 _aOratoría política
_910035
650 4 _aAnálisis del discurso
_92282
650 4 _aAnálisis linguístico
_910036
650 4 _aCampaña electoral
_zRepública Dominicana
_93002
650 0 _aDiscursos políticos
_910037
710 1 _aConsejo Nacional de Reforma del Estado
_910038
710 2 _aInstituto Tecnológico de Santo Domingo
_978911
910 _aValidado. Control de calidad MMOLINA
942 _2ddc
_cLBS1
999 _c3008
_d3008